Random Objects by Picture #16 - Statistics

General Stats
  • This quiz has been taken 10 times
  • The average score is 7 of 18
Answer Stats
Picture Answer % Correct
Black Bear
88%
Polar Bear
88%
Shark
88%
Swan
88%
Grizzly Bear
75%
Vulture
75%
Dromedary Camel
38%
Sloth Bear
38%
Clouded Leopard
25%
Monitor Lizard
25%
Sun Bear
25%
Gaur
13%
Greater Flamingo
13%
Green Pheasant
13%
Japanese Black Bear
13%
Japanese Serow
13%
Serow
13%
Ussuri Brown Bear
13%
No matching quizzes found
Score Distribution
Percent of People with Each Score
Percentile by Number Answered
Your Score History
You have not taken this quiz